FAME MMA - wszyscy zawodnicy - Statystyki

Ogólne statystyki
  • Ten quiz został rozwiązany 5 931 razy
    1 059 od ostatniego zresetowania
  • Średni wynik to 83 z 192
Statystyki odpowiedzi
Hint Odpowiedź % Poprawnych
FAME - 2, 3, 4, 7, 8, 10, 11, 13, 16, 17, 18, 19, Reborn, 20 Amadeusz „Ferrari” Roślik
94%
FAME - 1, 2, 3, 4, 7, 10, 12, 13, 16, Reborn; 20; FFA - 2 Adrian „Polak” Polański
92%
FAME - 1, 4, 12, 17, 20; FFA - 2 Michał „Boxdel" Baron
92%
FAME - 6, 7, Reborn Wojciech „WG” Gola
86%
FAME - 1, 3, 7, 8, 12, 14, 17, 18, 20; FFA - 2 Maksymilian „Wiewiór” Wiewiórka
83%
FAME - 3, 4, 6, 8, 10, 12, 20, 21 Kasjusz „Don Kasjo” Życiński
82%
FAME - 3, 4, 6, 7, 10, 13, 15, 18 Marta „Linkimaster” Linkiewicz
81%
FAME - 6, 7, 10, 11, 12, 15, 18, 19, 20 Arkadiusz „AroY” Tańcula
80%
FAME - 5, 9, 11 Marcin Malczyński
79%
FAME - 4, 15 Aniela „Lil Masti” Bogusz
78%
FAME - 16, Reborn, 21 Patryk "Bandura" Bandurski
78%
FAME - 12, 15, 16 Jacek „Muran” Murański
76%
FAME - 5, 6, 7, 8 Marcin „El Testosteron” Najman
76%
FAME - 2, 5, 6, 17; FFA - 2 Marcin „Rafonix” Krasucki
76%
FAME - 1, 2 Daniel „Magical” Zwierzyński
75%
FAME - 16, 18 Dawid „Dżinold" Rzeźnik
75%
FAME - 10, 14, 15 Mateusz „Muran” Murański
75%
FAME - 8, 10, 11, 15, 16, 18; FFA - 1 Marcin Dubiel
74%
FAME - 6, 8, 10, 14, 16, 17, 18, 21; FFA - 2 Alan „Alanik, Braveheart” Kwieciński
73%
FAME - 19; FFA - 1 Alberto Simao
73%
FAME - 5 Mateusz „Mini Majk” Krzyżanowski
73%
FAME - 14, 16 Mateusz „Tromba” Trąbka
73%
FAME - 10, 11, 13, 14, Reborn, 20 Norman „Stormin” Parke
73%
FAME - 8, 11, 13, 14, 17, 18, 19, Reborn, 20, 21 Piotr „Szeli” Szeliga
73%
FAME - 8, 9, 12, 15, 18; FFA - 2 Kacper „Blonsky, Crusher” Błoński
72%
FAME - 5, 7, Reborn, 20 Tomasz Olejnik
72%
FAME - 1, Reborn, 21 Jakub "Guzik" Szymański
71%
FAME - 5 Marek „Lord Kruszwil” Kruszel
71%
FAME - 9, 11, Reborn Sylwester Wardęga
71%
FAME - 3, 4, 8, 11, 16, 17, 19, 20; FFA - 1 Filip „Filipek” Marcinek
70%
FAME - 16, 18, 19, Reborn, 20 Natan „Bóg Estetyki, Pierzasty” Marcoń
70%
FAME - 2, 19, FFA - 1 Piotr „Tybori" Tyburski
70%
FAME - 1, 3, 5, 9, 11, 12, 14, 16, 20 Krystian „Krycha” Wilczak
69%
FAME - 13, 14 Sergiusz „Nitro” Górski
68%
FAME - 14, 17 Tomasz „Gimper” Działowy
67%
FAME - 21 Tomasz „Góral” Adamek
67%
FAME - 14 Adam „AJ” Josef
66%
FAME - 7, 16, 18, Reborn, 20; FFA - 1, 2 Dariusz „Daro Lew” Kaźmierczuk
66%
FAME - 4, 6, 9; FFA - 1 Jakub „Kubańczyk” Flas
66%
FAME - 14, 15, 19, 20; FFA - 2 Marcin „Xayoo” Majkut
66%
FAME - 7, 8, 9, 13, 14, 16, 19, 21 Mariusz „Hejter” Słoński
66%
FAME - 13, 16, 18, 21; FFA - 2 Robert „Sutonator” Pasut
66%
FAME - 20 Wiktor „Wronek” Wronka
66%
FAME - 20 Łukasz „Tuszol" Tuszyński
64%
FAME - 18, Reborn, 20, 21; FFA - 1 Michał „Wampir” Pasternak
64%
FAME - 2, 3, 5, 7, 10, 13, 14, 20; FFA - 1 Dawid „Bocian" Malczyński
61%
FAME - 2, 7, 8, 19, 21; FFA - 1 Paweł „Księżniczka" Tyburski
61%
FAME - 14; FFA - 2 Agata „Fagata” Fąk
60%
FAME - 18; FFA - 1, Reborn Elizabeth „Lizi” Anorue
60%
FAME - 12, 15, 17, 19, Reborn Marcin „The Polish Zombie” Wrzosek
60%
FAME - 17, 19 Klaudia „Sheeya” Kołodziejczyk
58%
FAME - 12, Reborn; FFA - 1 Kornel „Koro” Regel
58%
FAME - 3, 5 Szymon „IsAmU” Kasprzyk
58%
FAME - 3, 9, 12 Patryk „Ryba” Karaś
57%
FAME - 2, 3, 5 Piotr „Bonus BGC” Witczak
57%
FAME - 8, 9, 10, 13 Gabriel „Arab” Al-Sulwi
56%
FAME - 4, 9 Patryk „Kizo” Woziński
56%
FAME - 7, 13 Paweł „Popek Monster” Mikołajuw
56%
FAME - 3, 5 Monika „Esmeralda” Godlewska
55%
FAME - 21 Adrian Cios
51%
FAME - 6, 8, 12 Piotr „Bestia” Piechowiak
51%
FAME - 6, 8, 9, 12 Kamila „Zusje” Smogulecka
50%
FAME - 17, 19, Reborn Sebastian „Alterboy” Fabijański
49%
FFA - 1, 2; FAME - 20 Jose „Josef Bratan” Simao
48%
FAME - 13 Paweł „Unboxall” Smektalski
48%
FAME - 13, 15, 21 Rafał „Takefun” Górniak
48%
FAME - 14 Katarzyna „Lala Laluna” Alexander
47%
FAME - Reborn, 21 Grzegorz „Greg” Gancewski
46%
FAME - 15 Mikołaj „Konopskyy” Tylko
46%
FAME - 14 Monika „Mona” Kociołek
46%
FAME - 17; FFA - 2 Paweł „Prezes FEN” Jóźwiak
46%
FAME - 18 Ewa „Kleo” Brodnicka
45%
FAME - 2, 5 Marek „AdBuster” Hoffmann
45%
FAME - 11, 17 Mikołaj „Mixer” Magdziarz
45%
FAME - 9, 13 Paweł „Ponczek” Sikora
45%
FAME - 4, FFA - 1 Adrian „Medusa” Salamon
44%
FAME - 11 Borys „The Tasmanian Devil” Mańkowski
44%
FAME - 1, 2 Dawid „Surfer” Ozdoba
44%
FAME - 15, 19 Franciszek „Franio” Rusiecki
44%
FAME - 3, 5, 7 Kamil „Hassi” Hassan
44%
FAME - 14, 16, 17 Wiktoria „Wiki" Jaroniewska
43%
FAME - 10 Cezary „Czaro” Nykiel
42%
FAME - 3 Daniel „DeeJayPallaside” Pawlak
42%
FAME - 1, 4, 6, 10 Dawid „Ambro” Ambroziak
42%
FAME - 13 Jakub „Japczan” Piotrowicz
42%
FAME - 7 Damian „Stifler” Zduńczyk
41%
FAME - 2, 4, 5 Kamil „Kasti” Stępiński
41%
FAME - 17 Kamil „Szczurek” Łaszczyk
41%
FAME - 20 Marta „Murcix” Błoch
41%
FAME - 1, 2, 7 Sebastian „Ztrolowany” Nowak
41%
FAME - 20 Jakub „Kosa” Kosecki
40%
FAME - 4, 7 Marcin „Mielonidas” Makowski
40%
FAME - 7, 12, 16 Marta „Martirenti” Rentel
40%
FAME - 1 Michał Handke
40%
FAME - 21 Dominik „Kaleson" Cybulski
39%
FAME - 1, 2, 7, 10 Łukasz Lupa
39%
FAME - 11 Piotr „Popo” Węgrzyn
39%
FAME - 17, 19 Robert Karaś
39%
FAME - 6 Cyprian „Cypis” Racicki
38%
FAME - 12, 14, 16 Mateusz „Matt Fit Lovers, Meknife"” Janusz
38%
FAME - 16 Szymon „Szymool" Besser
38%
FAME - 18, 19 Dominika Rybak
37%
FAME - 9, 11, 15; FFA - 2 Filip Zabielski
37%
FAME - 9, 10, 12 Kamila „Kamiszka” Wybrańczyk
37%
FAME - 18, 19; FFA - 1, Reborn Tomasz „Zadyma” Gromadzki
37%
FAME - 15, 18 Jakub „Paramaxil" Frączek
36%
FAME - 6, 7 Maciej Rataj
36%
FFA - 1 Piotr „Edzio” Bylina
36%
FAME - 16 Radosław "Wiejski Koks" Paszko
36%
FAME - 10 Mateusz „Haribo” Gąsiewski
35%
FAME - 9, 13, 16 Patryk „paTrykos” Domke
35%
FAME - 8, 10 Piotr Pająk
35%
FAME - 9, 11, 13 Karolina „Way of Blonde” Brzuszczyńska
34%
FFA - 2 Łukasz „Mandzio” Samoń
34%
FAME - Reborn Norbert „Dis” Gierczak
34%
FAME - 8, 9 Patryk „Mortalcio” Baran
34%
FAME - 6 Bartosz „Qbik” Kubik
33%
FAME - 19; FFA - 1 Jakub Nowaczkiewicz
33%
FFA - 2 Karol „Karolek” Dąbrowski
33%
FAME - Reborn Natalia „Navcia” Korgol
33%
FAME - 21 Tomasz „Strachu" Oświeciński
33%
FAME - 11; FFA - 1 Aleksandr „Sasha” Muzheiko
32%
FAME - 12 Krzysztof „Radzik” Radzikowski
32%
FAME - 5, 9 Oleh „Oleg” Riaszeńczew
32%
FAME - 20 Paulina Kozłowska
32%
FAME - 17 Wacław „Wac Toja” Osiecki
32%
FFA - 2, FAME Reborn Dominik „Japoński Drwal” Zadora
31%
FAME - 10 Piotr „Miejski Drwal” Szczurek
31%
FAME - 3 Szymon „Taxi Złotówa” Wrzesień
31%
FAME - 11 Wojciech „OjWojtek” Przeździecki
31%
FAME - 21 Ewa Piątkowska
30%
FAME - 5 Ewelina „Ewelona” Kubiak
30%
FAME - 4 Łukasz „Tomb” Imiełowski
29%
FAME - 21 Miłosz „Dejvid” Boras
29%
FAME - 17 Cezary „Czarmagedon” Jóźwik
28%
FAME - 11 Daniel „Danny” Ferreri
28%
FAME - 9, 13 Jakub „Kuba Post” Postaremczak
28%
FAME - 15 Jamil „Neffati Brothers” Neffati
28%
FAME - 21 Klaudia Syguła
28%
FAME - 10 Michał Gała
28%
FAME - 11 Norbert „Smolasty” Smoliński
28%
FAME - 21 Jakub „Azdus” Matowiecki
27%
FAME - Reborn Jakub „Maślana” Maślanka
27%
FAME - 11 Krzysztof „Fericze” Ferenc
27%
FAME - 6 Mateusz „L-Pro” Łapot
27%
FAME - Reborn Ádám „Adam Security” Bártfai
26%
FAME - 1 Hubert „Ken” Korczak
26%
FAME - 15 Jamel „Neffati Brothers” Neffati
26%
FAME - 9 Mikołaj „VanDal” Rdzanek
26%
FFA - 2 Piotr Lisek
26%
FAME - 11 Piotr „Miły Pan” Kołaczyński
25%
FAME - 15 Radosław „Warjat Radek” Kapias
25%
FFA - 2 Daniel „Ostry” Ostaszewski
24%
FAME - 21 Dominik „Mrozzo” Mrozowski
24%
FAME - 1 Marek „Maro” Wilczak
24%
FAME - 15 Mariusz „Sarius” Golling
24%
FAME - 8 Michał „Sobota” Sobolewski
24%
FFA - 2 Roger Salla
24%
FAME - 9, 12 Anna „Anna IFBB PRO” Andrzejewska
23%
FAME - 2 Artur „Waluś” Walczak
23%
FAME - 3 Krzysztof „Bodychrist” Ciesielski
23%
FAME - 21 Maciej „Kaczor BRS” Kaczmar
23%
FAME - 6, 8, 12 Maciej „Szewcu” Szewczyk
23%
FAME - 21 Rafał „Młody Ninja" Sobonkiewicz
23%
FAME - 2 Sylwester „Bystrzak” Tkocz
23%
FAME - 8 Dagmara Szewczyk
22%
FAME - 4 Krystian „Jongmen” Brzeziński
22%
FAME - 2 Paweł Kluk
22%
FAME - 2 Piotr Kluk
22%
FAME - 4 Piotr „Knaziuu” Knaś
22%
FAME - Reborn Maciej „Striczu” Sulęcki
21%
FAME - 1 Piotr Celej
21%
FFA - 1 Piotr „Świr” Świerczewski
21%
FAME - 8 Gamou Fall
20%
FFA - 1 Olga „Nanami Chan” Sałacka
20%
FAME - 11 Maksym „Maksymalnie” Ziółkowski
19%
FAME - 3 Marcin „Mnich Terminator” Wójcik
19%
FFA - 2 Martyna „Brylantynka” Janusz
19%
FAME - 10 Mikołaj Śmieszek
19%
FFA - 1 Dominik „Jaxu” Jax
18%
FAME - 1 Krzysztof Olczak
18%
FAME - 19 Przemysław Szyszka
18%
FAME - Reborn Weronika Malinowska
18%
FAME - 3 Bartosz „Ruby” Brzeziński
17%
FAME - 18 Mateusz Spysiński
17%
FAME - 1 Michał „Łysy Bogas” Bogawski
17%
FAME - 11 Patrycja „MeLady” Wieja
17%
FAME - 19 Norbert Daszkiewicz
15%
FAME - 15 Patryk Woźniak
15%
FAME - 2 Piotr „Czapi” Czapiewski
15%
FFA - 2 Andrzej „Endi” Czysz
13%
FAME - Reborn Iga Kozińska
12%
Nie znaleziono quizów pasujących do podanych kryteriów
Rozkład punktacji
Procent ludzi z każdym wynikiem
Percentyl według liczby udzielonych odpowiedzi
Twoja historia wyników
Nie rozwiązałeś tego quizu od ostatniego zresetowania